000 00828nam a2200265Ia 4500
003 OSt
005 20220928113555.0
006 a|||||r|||| 00| 0
007 ta
008 220927b |||||||| |||| 00| 0 eng d
020 _a9781032125077
_cINR 995.00
024 _a145691
037 _b50, 24/12/2021, Shivam Book Service
_cTextual
040 _aSDCL
_cSDCL
_beng
041 _2eng
_aeng
082 _aQ2, R1
100 _aCavallin Clemens Au.
_9433897
245 0 _aFuture of religious studies in India
260 _aLondon
_bRoutledge
_c2022
300 _avii,205p.
_ccm.
700 _a Sander Ake
_9433898
700 _a Sitharaman Sudha
_9433899
942 _hQ2, R1
_cTEXL
_2CC
999 _c750304
_d750304